000 01062nam a22003017a 4500
003 CHAP
005 20220329140637.0
008 971013s1975 r 00010 d
010 _a55257
011 _a56229
035 _a60382
040 _cCHAP
090 _aTesis
100 0 0 _aSerna Valdez, Carlos Ernesto.
_9105176
245 _aPruebas de adaptación y rendimiento de cinco variedades de tomate (Lycopersicon esculentum (Mill)), en la región de San José de la Popa, Minicipio de Mina, N.L.
260 _aMonterrey, N.L. :
_bEl autor,
_c1975
300 _a46 h.
_b; gráfs.
502 _aTesis (Ing. Agr.) -- Univ. Autónoma de Nuevo León. Fac. de Agronomía
590 _aALEPH
_b10
_c20130110
_lUCH01
_h1333
590 _aBATCH-UPD
_b10
_c20130110
_lUCH01
_h0752
590 _aCONVERSION
_b10
_c20130109
_lUCH01
_h1330
650 1 4 _aTomate
_xEfecto del medio ambiente.
_9113708
650 1 4 _aTomate
_xRendimiento.
_9113761
650 1 4 _aTomate
_xVariedades.
_9113777
901 _aBK
942 _cTESIS
949 _bBC
_cTES
_d-130198
_eTS1
_i60382
_si
999 _c55257
_d55257